| Tag |
First Indicator |
Second Indicator |
Subfields |
| LEADER |
00000cam a2200000 a 4500 |
| 001 |
in00001404501 |
| 005 |
20160201114148.0 |
| 008 |
970717s1997 inuab b f000 0 eng d |
| 010 |
|
|
|a gp 97066009
|
| 035 |
|
|
|a (OCoLC)37309187
|
| 035 |
|
|
|9 AHM3389AM
|
| 040 |
|
|
|d GPO
|d DLC
|d MvI
|d UtOrBLW
|
| 074 |
|
|
|a 0621-L
|
| 086 |
0 |
|
|a I 19.127:058-97
|
| 100 |
1 |
|
|a Crawford, Charles G.
|q (Charles Gene)
|
| 245 |
1 |
0 |
|a Trends in acetochlor concentrations in surface waters of the White River Basin, Indiana 1994-96.
|
| 264 |
|
1 |
|a [Washington, D.C.?] :
|b U.S. Dept. of Interior, U.S. Geological Survey,
|c [1997]
|
| 300 |
|
|
|a 4 unnumbered pages :
|b color illustrations, color maps ;
|c 28 cm.
|
| 336 |
|
|
|a text
|b txt
|2 rdacontent
|
| 337 |
|
|
|a unmediated
|b n
|2 rdamedia
|
| 338 |
|
|
|a volume
|b nc
|2 rdacarrier
|
| 490 |
1 |
|
|a FS ;
|v 058-97
|
| 500 |
|
|
|a Caption title.
|
| 500 |
|
|
|a Shipping list number: 97-0297-P.
|
| 500 |
|
|
|a "April 1997"--P. [4].
|
| 504 |
|
|
|a Includes bibliographical references (page [4]).
|
| 650 |
|
0 |
|a Herbicides
|x Environmental aspects
|z Indiana
|z White River Watershed.
|
| 650 |
|
0 |
|a Pesticides
|x Environmental aspects
|z Indiana
|z White River Watershed.
|
| 650 |
|
0 |
|a Water
|x Pollution
|z Indiana
|z White River Watershed.
|
| 710 |
2 |
|
|a Geological Survey (U.S.)
|
| 830 |
|
0 |
|a Fact sheet (Geological Survey (U.S.)) ;
|v FS-97-058.
|
| 999 |
|
|
|a MARS
|
| 999 |
f |
f |
|s b73946ef-674c-33c4-92f7-c8989d37956a
|i bf9ba53f-f4e7-336f-be1c-27c98ffdf4d7
|t 0
|
| 952 |
f |
f |
|p normal
|a Texas A&M University
|b College Station
|c Sterling C. Evans Library
|d Evans: US Documents (Annex 5th floor)
|t 0
|e I 19.127:058-97
|h Superintendent of Documents classification
|i unmediated -- volume
|m A14821281600
|
| 998 |
f |
f |
|a I 19.127:058-97
|t 0
|l Evans: US Documents (Annex 5th floor)
|